| 000 | 00830nam a2200265Ia 4500 | ||
|---|---|---|---|
| 003 | OSt | ||
| 005 | 20240518120531.0 | ||
| 008 | 210210b2013 xxu||||| |||| 00| 0 eng d | ||
| 020 | _a9788192301280 | ||
| 040 | _cAL | ||
| 041 | _aKannada | ||
| 082 | _aK894.4 VINA | ||
| 100 |
_aVINA BANNANJE _dವೀಣಾ ಬನ್ನಂಜೆ _9166104 |
||
| 245 |
_aAntarmukha: vyaktichitra mattu itara lekhanagalu _b ಅಂತರ್ಮುಖ: ವ್ಯಕ್ತಿಚಿತ್ರ ಮತ್ತು ಇತರ ಲೇಖನಗಳು |
||
| 260 |
_aHosapete _bYaji Prakashana _c2013 |
||
| 300 | _a106 | ||
| 650 |
_avyaktichitra _9166105 |
||
| 650 |
_amattu _9166106 |
||
| 650 |
_alekhanagalu _9166107 |
||
| 650 |
_aitara _9166108 |
||
| 650 |
_aAntarmukha: _9166109 |
||
| 690 |
_aKannada Prose _9166110 |
||
| 906 | _a071260 | ||
| 942 |
_2ddc _cBK |
||
| 999 |
_c120601 _d120601 |
||